| 000 | 00999cam a2200337 4500 | ||
|---|---|---|---|
| 008 | 090401t1995 xxu||||| |||| 00| 0 eng d | ||
| 020 | _a0854067051 | ||
| 035 | _a(Sirsi) u62489 | ||
| 041 | _aeng | ||
| 050 | _a331.2166 | ||
| 090 | _aRICS 1995/63AB | ||
| 110 |
_aRoyal Institution of Chartered Surveyors _94900 |
||
| 245 | _aCompetition: a guide to securing the services of a chartered surveyor. | ||
| 260 |
_aLondon _bRICS _c1995 |
||
| 300 | _a99p. ; 30cm. | ||
| 350 | _a0 | ||
| 520 | _aDraft copy for consultation. For final version see 0854067442 1996/33. | ||
| 650 | _aCCT | ||
| 650 | _aABOUT RICS-RICS MEMBERS | ||
| 650 | _aCOMPULSORY COMPETITIVE TENDERING | ||
| 650 |
_aContracts _96232 |
||
| 650 | _aDRAFT GUIDANCE | ||
| 650 | _aFEE COMPETITION | ||
| 650 | _aFEE TENDERING | ||
| 650 | _aProcurement-old | ||
| 650 | _aPROFESSIONAL FEES | ||
| 650 | _aTENDERS | ||
| 690 | _aMANAGEMENT-BUSINESS MANAGEMENT-PROFESSIONAL PRACTICE | ||
| 942 | _n0 | ||
| 948 | _c04/03/1997 | ||
| 999 |
_c94423 _d94423 |
||